000 00474nam a22001697a 4500
003 OSt
005 20260512053748.0
008 260206b |||||||| |||| 00| 0 eng d
020 _a978-0-679-60373-3
040 _aDWCL-Main Lib
_cOC
082 _aFic. M376 2010
100 _aMartel, Yann
245 _aBeatrice and Virgil :
_ba novel /
_cYann Martel
260 _aNew York :
_bRandom House large print,
_cc2010
300 _a279 p. ;
_c20 cm.
942 _2ddc
_cFIC.
_mFic.
_n0
999 _c8311
_d8311